NBA Quiz - Statistics

General Stats
  • This quiz has been taken 30 times
  • The average score is 5 of 10
Answer Stats
Hint Answer % Correct
The first NBA game was played in what year? 1946
93%
How many championships did the Boston Celtics win from 1957 to 1969? 11
78%
Which team won the first NBA Championship? (1946-1947) Philadelphia Warriors
78%
This player has the most turnovers in the Finals. Lebron James
67%
Which team did Larry Bird coach during the 1997-98 season? Indiana Pacers
63%
Who is the only active NBA franchise with multiple final appearances and no losses? Chicago Bulls
59%
What NBA team has made the most franchise Final appearances without winning a title? Phoenix Suns
41%
Which team beat the 1996 Chicago Bulls record 72 wins in a season? Golden State Warriors
37%
Which player has the most career blocks in the Finals? Kareem Abdul-Jabbar
22%
Who was not only the first African American drafted into the NBA, but he was also the first official NBA player under a signed contract. Chuck Cooper
4%
No matching quizzes found
Score Distribution
Percent of People with Each Score
Percentile by Number Answered
Your Score History
You have not taken this quiz